Fun-size academic writing for serious learning: 101 lessons & mentor texts – narratives opinion argument, & informative explanatory, grades 4 – 9
Պահպանված է:
| Հիմնական հեղինակ: | |
|---|---|
| Ձևաչափ: | Գիրք |
| Լեզու: | անգլերեն |
| Հրապարակվել է: |
Corwin Literacy
2013.
|
| Ցուցիչներ: |
Ավելացրեք ցուցիչ
Չկան պիտակներ, Եղեք առաջինը, ով նշում է այս գրառումը!
|
MARC
| LEADER | 00000nam a22000007a 4500 | ||
|---|---|---|---|
| 008 | 210920b ||||| |||| 00| 0 eng d | ||
| 020 | |a 978-1-4522-6861-3 | ||
| 100 | |a BERNABEI, Gretchen S. | ||
| 245 | |a Fun-size academic writing for serious learning: |b 101 lessons & mentor texts – narratives opinion argument, & informative explanatory, grades 4 – 9 |c Gretchen S. Bernabei, Judi Reimer |g xv, 244p. : ill. | ||
| 260 | |b Corwin Literacy |c 2013. |h Thousand Oaks, California |i 692348 |i 692349 |l LB1576 .B46 |m English language – Composition and exercises – Study and teaching (Elementary) – Activity programs. |m English language – Composition and exercises – Study and teaching (Middle school) – Activity programs. | ||
| 942 | |a lcc |c BK |e YUNUSA, A.A. |f 20/9/2021 | ||
| 952 | |0 0 |1 0 |2 lcc |4 0 |6 LB1576 B46 |7 0 |9 3596 |a HOL |b ED |c LP |d 2021-09-20 |l 0 |o LB1576 .B46 |p 2021-67335 |r 2021-09-20 00:00:00 |w 2021-09-20 |y BK | ||
| 952 | |0 0 |1 0 |2 lcc |4 0 |6 LB1576 B46 |7 0 |9 3597 |a HOL |b HOL |c LP |d 2021-09-20 |l 0 |o LB1576 .B46 |p 2021-67336 |r 2021-09-20 00:00:00 |w 2021-09-20 |y BK | ||
| 999 | |c 1782 |d 1782 | ||